| 000 | 00546nam a22001457a 4500 | ||
|---|---|---|---|
| 003 | MACL | ||
| 005 | 20170625130335.0 | ||
| 008 | 170625b xxu||||| |||| 00| 0 eng d | ||
| 040 | _c MACL | ||
| 100 |
_aश्रीवास्तव, ऋषिमाेहन _967866 |
||
| 245 | _aहास्य-व्यंग्य एकॉंकी | ||
| 260 |
_aदिल्ली _bईस्अएण्ड पब्लिकेशन्स _c2010 |
||
| 650 |
_aचिल्ड्रन बुक _9159 |
||
| 942 |
_2ddc _cHIN |
||
| 999 |
_c56660 _d56660 |
||